000
00285nam a2200097Ia 4500
008
240331s9999 xx 000 0 und d
082
_b
EQU
100
_a
International labour organization. ed
245
0
_a
Equality of opportunity in employment in Asia :
_b
problems and policies
942
_c
L
999
_c
2712
_d
2712